Datum a čas kvízu
31.5
Celkem bodů
Celkový počet nahraných bodů na tomto kvízu bez doplňovacích otázek.
5.
Pořadí na kvízu
Konečné umístění týmu na tomto kvízu.
Zaznamenané odpovědi
| # | Otázka | Odpověď | Body | Výsledky |
|---|---|---|---|---|
| 1. | Minulý týden se publicista a ř... | kvůli alkoholu | 0 | |
| 2. | Oblíbená turistická atrakce, 6... | v Krakově | 1 | |
| 3. | Ministerstvo kultury učinilo d... | C) česká pivní kultura | 1 | |
| 4. | Jistý internetový portál nabíz... | Seznam.cz | 0 | |
| 5. | O víkendu proběhly v Ostravě k... | (Jižní) Korea, Tomáš Berdych | 1 | |
| 6. | Začneme největšími společnými... | (Vše)sokolský slet, Spartakiáda | 1 | |
| 7. | Napište anglický dvouslovný ná... | step aerobic | 0 | |
| 8. | Cvičení na tomto „půlmíči“ je... | BOSU | 1 | |
| 9. | Bikram jóga je speciální druh... | C) cvičí se v sále vyhřátém na 42 °C | 1 | |
| 10. | Jak se jmenuje tato 55letá žen... | Olga Studničková (Šípková) | 1 |